Anadolu Selçukluları ve beylikler dönemi uygarlığı : (Record no. 13219)

MARC details
000 -BAŞLIK
Sabit Uzunlukta Kontrol Alanı 01150nam a2200289 4500
999 ## - SİSTEM KONTROL NUMARALARI (KOHA)
Koha Biblionumber 13219
Koha Biblioitemnumber 13219
003 - KONTROL NUMARASI IDENTIFIER
Denetim Alanı MIRAKIL
005 - SON İŞLEM TARİHİ VE ZAMANI
Denetim Alanı 20190508160618.0
008 - SABİT-BOY VERİ ELEMANLARI - GENEL BİLGİLER
Sabit Uzunlukta Kontrol Alanı 190508b tu ||||| |||| 00| 0 tur d
020 ## - ULUSLARARASI STANDART KİTAP NUMARASI
Uluslararası Standart Kitap Numarası 9751732166 (t.k.)
020 ## - ULUSLARARASI STANDART KİTAP NUMARASI
Uluslararası Standart Kitap Numarası 9751732190 (1.cilt)
040 ## - KATALOGLAMA KAYNAK
Orijinal Kataloglama Ajansı TR-AnCHP
Metne Dönüştürmek Ajansı TR-AnCHP
041 ## - DİL KODU
Metin / Ses Parça Veya Ayrı Başlığın Dil Kodu tur
082 ## - DEWEY ONLU SINIFLANDIRMA NUMARASI
Sınıflandırma Numarası 956.1014
Ürün Numarası A52 2015
245 10 - BAŞLIK TABLOSU
Başlık Anadolu Selçukluları ve beylikler dönemi uygarlığı :
Başlığın Kalan Sosyal ve siyasal hayat /
Sorumluluk Tablosu, Vb editörler: Ahmet Yaşar Ocak, Ali Uzay Peker, Kenan Bilici.
246 ## - UNVAN FORM VARYING
Başlık Doğru / Kısa Başlığı Sosyal ve siyasal hayat
260 ## - YAYIN, DAĞITIM, VB
Yayın, Dağıtım, Vb Yeri Ankara:
Yayıncı, Dağıtıcı, Vs Adı Kültür ve Turizm Bakanlığı,
Yayın, Dağıtım, Vb Tarihi 2015.
300 ## - FİZİKSEL TANIM
Kapsam c. "1." (592 s.) :
Diğer Fiziksel Ayrıntıları rnk. res.;
Boyutlar 32 sm.
490 0# - SERİSİ TABLOSU
Seri Beyanı Kültür ve Turizm Bakanlığı Kütüphaneler ve Yayımlar Genel Müdürlüğü;
-- Sanat Eserleri dizisi;
Hacim / Ardışık Tanımı 3062-1.
-- 454.
504 ## - KAYNAKÇA VB NOT
Kaynakça Vb Notu Kaynakça vardır.
650 #0 - KONU KATMA GİRİŞ - TOPİKAL DÖNEM
9 (RLIN) 5711
Topikal Süreli Veya Coğrafi Ad Giriş Elemanı Anadolu Selçuklu Devleti
Genel Alt Bölümü Tarih
-- Sosyal hayat
650 #0 - KONU KATMA GİRİŞ - TOPİKAL DÖNEM
9 (RLIN) 5711
Topikal Süreli Veya Coğrafi Ad Giriş Elemanı Anadolu Selçuklu Devleti
Genel Alt Bölümü Tarih
-- Siyasal hayat
700 ## - KATMA GİRİŞ - KİŞİSEL İSİM
9 (RLIN) 5712
Kişisel Ad Ocak, Ahmet Yaşar
Relator Terim ed.
700 ## - KATMA GİRİŞ - KİŞİSEL İSİM
9 (RLIN) 5713
Kişisel Ad Peker, Ali Uzay
Relator Terim ed.
700 ## - KATMA GİRİŞ - KİŞİSEL İSİM
9 (RLIN) 5714
Kişisel Ad Bilici, Kenan
Relator Terim ed.
740 ## - KATMA GİRİŞ - KONTROLSUZ İLGİLİ / ANALİTİK BAŞLIK
Kontrol Edilmeyen / İlgili Analitik Başlıktaki Sosyal ve siyasal hayat
942 ## - EKLENDİ GİRİŞ ELEMANLARI (KOHA)
Sınıflandırma Veya Raf Düzeni Kaynak Dewey Decimal Classification
Koha Öğesi Türü Books
Holdings
Kalıcı Konum Mevcut Konum Edinme Tarihi Toplam Check-Out'Lar Tam Çağrı Numarası Barkod Tarih Son Görülme Kopya Sayısı İtibaren Geçerli Fiyatlar Koha Öğesi Türü
CHP Kütüphanesi CHP Kütüphanesi 05/08/2019   956.1014 A52 2015 005597 05/08/2019 c.1 05/08/2019 Books